| 000 | 00722nam a22001817a 4500 | ||
|---|---|---|---|
| 999 |
_c19605 _d19605 |
||
| 003 | AR-CdUCM | ||
| 008 | 190518b ||||| |||| 00| 0 spa d | ||
| 040 |
_aMUNICIPALIDAD PROVINCIAL DEL CUSCO _cBIBLIOTECA MUNICIPAL DEL CUSCO |
||
| 082 |
_a301.011 / _bC528 |
||
| 100 |
_aChau, Le. _941044 |
||
| 245 |
_aInvestigación básica socio económica : _bUna metodología dialéctica / |
||
| 260 |
_aLima : _bHorizonte, _c1976. |
||
| 300 |
_a185 páginas ; _c26 cm. |
||
| 505 | _aContenido : Análisis critico de los métodos y estilos de investigación -- Niveles y esferas de investigación -- Elaboración del proyecto de investigación ... | ||
| 650 |
_aMétodos. _920153 |
||
| 942 |
_2ddc _cLIBROS |
||
| 945 |
_arum _d2019-05-18 |
||